| 000 | 00647nam a22001937a 4500 | ||
|---|---|---|---|
| 999 |
_c62599 _d62599 |
||
| 005 | 20181116133847.0 | ||
| 010 | _aB-015501 | ||
| 020 |
_c125.00 _a8173153418 |
||
| 035 | _aB-015479 ,B-015501 | ||
| 037 |
_b _adpl |
||
| 082 | _a181.493 | ||
| 100 | _aदलाई लामा | ||
| 245 | 1 |
_aशुद्ध मन की ओर / _cदलाई लामा |
|
| 260 |
_aदिल्ली _bप्रभात प्रकाशन _c2000 |
||
| 270 |
_a _b _e _k |
||
| 300 |
_a122पृ. _c22सेमी (सजिल्द) |
||
| 942 |
_adpl _cHN _k _2ddc _h181.493 _mदलाई |
||